000 01118nam0a22003011 4500
001 v19\rc\1684695
005 20061002151257.3
035 _a(NLR Aleph) 004789809
090 _a4717095
_c4717095
100 _a20061002e18961896|||y0rusy50 ca
101 0 _arus
102 _aRU
105 _ay z |||||
200 1 _aНравственное значение страданий с христианской точки зрения
_f[Н. Городенский]
210 _aСергиев Посад
_c2 тип. А.И. Снегиревой
_d[1896]
215 _a26 с.
300 _aАвт. указан в конце текста
309 _aБез тит. л. и обл.
311 _aОтт. из № 10 "Богосл. вестн." за 1896 г.
488 0 _12001#$aБогословский вестник$v1896, № 10
700 1 _aГороденский
_bН. Г.
_f1871-
_gНиколай Гаврилович
801 0 _aRU
_bNLR
_gpsbo
801 0 _aRU
_bRuMoRGB
_2psbo
801 1 _aRU
_bProSoft-M
_2rusmarc
852 _aNLR
_j18.224.6.492
899 _aRuMoRGB
_jA 245/107
942 _cBOOK
980 _aNB